Účtovanie sociálneho fondu

V predchádzajúcom vydaní časopisu sme priniesli príspevok o pravidlách tvorby, vedenia a čerpania sociálneho fondu vo verejnej správe. V nasledujúcom príspevku sa venujeme účtovaniu tvorby a použitia sociálneho fondu, ako aj overeniu finančných operácií súvisiacich s tvorbou a čerpaním sociálneho fo...

Descrizione completa

Salvato in:
Dettagli Bibliografici
Autore principale: Macháčová, Tatiana
Natura: Capitolo di libro
Lingua:slovacco
Soggetti:
Tags: Aggiungi Tag
Nessun Tag, puoi essere il primo ad aggiungerne!!

MARC

LEADER 00000naa a2200000 4500
001 0315013
005 20260216092348.5
041 0 |a slo 
044 |a SK 
245 1 0 |a Účtovanie sociálneho fondu  |c Tatiana Macháčová 
520 |a V predchádzajúcom vydaní časopisu sme priniesli príspevok o pravidlách tvorby, vedenia a čerpania sociálneho fondu vo verejnej správe. V nasledujúcom príspevku sa venujeme účtovaniu tvorby a použitia sociálneho fondu, ako aj overeniu finančných operácií súvisiacich s tvorbou a čerpaním sociálneho fondu finančnou kontrolou. 
610 2 0 |a účtovanie 
610 2 0 |a fond sociálny 
610 2 0 |a rozpočty 
610 2 0 |a výdavky 
610 2 0 |a kontrola finančná 
610 2 0 |a zamestnanci 
100 1 |a Macháčová, Tatiana